000
00260nam a2200109Ia 4500
008
200302s9999 xx 000 0 und d
100
_a
Cecil Balmond
245
_a
Informal - Cecil Balmond
260
_b
Prestel Publishing Ltd.
260
_c
2002
300
_a
393 P
999
_c
4365
_d
4365